|
|
|
|
| LEADER |
00000cam a2200000 7i4500 |
| 001 |
0000027770 |
| 005 |
20180207.0 |
| 008 |
180130 my a may |
| 040 |
|
|
|a INS
|b eng
|c INS
|e rda
|
| 090 |
0 |
0 |
|a PIHT11
|
| 110 |
1 |
|
|a Bengkel laporan pasaran harta .
|b Penulisan teks negeri untuk ketua cawangan ,
|d 2017 20 - 21 Februari
|c INSPEN, Bangi
|
| 245 |
0 |
0 |
|a Bengkel laporan pasaran harta : Penulisan teks negeri untuk ketua cawangan :
|b 20 - 21 Februari 2017
|c Anjuran Pusat Pembangunan Profesional, INSPEN
|
| 264 |
|
0 |
|a Bangi :
|b Institut Penilaian Negara
|c 2017
|
| 300 |
|
|
|a 1 volume ( mukasurat pelbagai ) :
|b illustrations ;
|c 30 cm.
|
| 336 |
|
|
|a text
|2 rdacontent
|
| 337 |
|
|
|a unmediated
|2 rdamedia
|
| 338 |
|
|
|a volume
|2 rdacarrier
|
| 650 |
|
0 |
|a Real property
|v Periodicals
|
| 710 |
1 |
|
|a INSPEN ( Institut Penilaian Negara )
|
| 999 |
|
|
|a PIHT000015
|b BOOK
|c Course Notes
|e Default branch
|